000
00321nam a2200157Ia 4500
100
_a
Johnson/Spencer
650
_a
General
942
_c
BK
654
_a
cheese
245
_a
Who moved my cheese
260
_b
Vermition
_a
London
_c
1998
082
_a
658.0092
_b
JOH
300
_a
95
546
_a
ENGLISH
999
_c
31322
_d
31322